| 000 | 00398nam a2200157Ia 4500 | ||
|---|---|---|---|
| 008 | 230524s9999 xx 000 0 und d | ||
| 082 |
_a612.3812 _bBAD |
||
| 100 |
_aS.Badrinarayan _96203 |
||
| 245 | 0 | _aElectric Circuit Theory | |
| 260 |
_aNEW DELHI _bScitech _c2003 |
||
| 300 | _axii;300 | ||
| 500 | _aQuantity Number: 1 | ||
| 650 | _aElectrical | ||
| 700 |
_a A.Usha Nandini _96204 |
||
| 942 | _cBK | ||
| 999 |
_c8720 _d8720 |
||